Intelligent multimedia: managing creative works in a digital world

Guardado en:
Detalles Bibliográficos
Autor principal: Bourcier, Daniele
Otros Autores: Casanovas, Pompeu, Rosnay, Melanie Dulong de, Maracke, Catharina
Formato: Libro
Lenguaje:inglés
Publicado: Florencia, Italia European Press Academic Publishing 2010
Colección:Legal Information and Communication Technologies. 8
Materias:
Etiquetas: Agregar Etiqueta
Sin Etiquetas, Sea el primero en etiquetar este registro!

MARC

LEADER 00000cam a2200000 a 4500
001 UCE1008
003 CL-VaPUC
005 20250226101516.0
008 140324e20100000it |||||||||||||||||eng|d
999 |c 354971  |d 354969 
020 |a 9788883980633 
040 |c Pontificia Universidad Católica de Valparaíso 
082 0 4 |a 621.3821 BOU 2010  |2 21 
100 |a Bourcier, Daniele  |9 573392 
245 1 0 |a Intelligent multimedia: managing creative works in a digital world 
260 0 3 |a Florencia, Italia  |b European Press Academic Publishing  |c 2010 
300 |a 408 páginas 
490 0 |a Legal Information and Communication Technologies.  |v 8 
583 |a last modification  |c 20140324 12:18:00  |k Rodrigo Vera 
650 0 |a Ingeniería de comunicaciones  |9 485621 
650 7 |a INTELIGENCIA ARTIFICIAL  |2 CL-VaPUC  |9 573396 
650 0 |a Mundo virtual  |9 549553 
700 0 |a Casanovas, Pompeu  |9 573393 
700 0 |a Rosnay, Melanie Dulong de  |9 573394 
700 0 |a Maracke, Catharina  |9 573395 
942 |c BK  |2 ddc 
945 |d 20140324 12:18:00  |a dcastane 
952 |0 0  |1 0  |2 ddc  |3 erb  |4 0  |6 621_382100000000000_BOU_2010  |7 0  |8 A  |9 461209  |a BIBCUR  |b BIBCUR  |i 5061075  |o 621.3821 BOU 2010  |p 5061075  |r 2025-04-22  |t 1  |w 2019-11-23  |y BK  |z Catalogado en:20140324  |k PER